Countries with Orange on their Flag - Sudden Death - Statistics

General Stats
  • This quiz has been taken 49 times
  • The average score is 7 of 10
Answers on the Grid
Answers color-coded by a green-red scale on the quiz's grid according to % correct below.
Ireland
Turkey
Eswatini
Belarus
Zambia
Argentina
India
Niger
Ecuador
Bhutan
DRC
Cyprus
Fiji
Armenia
Sri Lanka
Nigeria
Marshall Islands
Tajikistan
Ivory Coast
Nepal
 
Answer Stats
Answer % Correct
Ireland
93%
India
83%
Ivory Coast
83%
Niger
78%
Bhutan
76%
Sri Lanka
71%
Armenia
63%
Cyprus
63%
Marshall Islands
46%
Zambia
46%
No matching quizzes found
Score Distribution
Percent of People with Each Score
Percentile by Number Answered
Your Score History
You have not taken this quiz